| 000 | 00721nam a2200265#a 4500 | ||
|---|---|---|---|
| 001 | 00685 | ||
| 003 | HDC | ||
| 007 | ta | ||
| 008 | 230623s2009 xx 000 0 eng d | ||
| 020 | _a9789675226175 (pbk.). | ||
| 040 | _aHDC | ||
| 050 |
_aHD 9410 _b.M697b 2009 |
||
| 100 | _aMohamad Saat Sukami | ||
| 245 | 0 |
_aBuat duit dengan cacing tanah / _cMohamad Saat Sukami |
|
| 264 |
_aKuala Lumpur : _bPTS Professional Pub., _c2009 |
||
| 300 |
_aix,178p. ; _b ill. ; _c 18cm |
||
| 500 | _aIncludes bibliographical references p. 175-178 | ||
| 650 | _aEarthworm culture | ||
| 650 | _aSmall animal culture | ||
| 650 |
_aWorms _xEcology |
||
| 942 | _2lcc | ||
| 942 | _cBK | ||
| 942 | _kHD 9410 | ||
| 942 | _m.M697b 2009 | ||
| 999 |
_c22300 _d22300 |
||